General catalogue of 33342 stars for the epoch 1950 (Record no. 6745)

MARC details
000 -LEADER
fixed length control field 00565nam a2200169Ia 4500
003 - CONTROL NUMBER IDENTIFIER
control field IN-BaIIA
008 - FIXED-LENGTH DATA ELEMENTS--GENERAL INFORMATION
fixed length control field 211028s9999 xx 000 0 eng d
040 ## - CATALOGING SOURCE
Transcribing agency IIA Library
080 ## - UNIVERSAL DECIMAL CLASSIFICATION NUMBER
Universal Decimal Classification number 083.8:524.3
Item number BOSS-4
100 ## - MAIN ENTRY--PERSONAL NAME
Personal name Boss, Benjamin
9 (RLIN) 11559
245 #0 - TITLE STATEMENT
Title General catalogue of 33342 stars for the epoch 1950
Remainder of title vol. 4
Statement of responsibility, etc. Benjamin Boss
260 ## - PUBLICATION, DISTRIBUTION, ETC.
Place of publication, distribution, etc. Washington
Name of publisher, distributor, etc. Carnegie Institution of Washington
Date of publication, distribution, etc. 1963
300 ## - PHYSICAL DESCRIPTION
Extent 331p.
650 ## - SUBJECT ADDED ENTRY--TOPICAL TERM
Topical term or geographic name entry element Astronomy and Astrophysics Thesaurus
650 ## - SUBJECT ADDED ENTRY--TOPICAL TERM
Topical term or geographic name entry element Catalogue-Stars
9 (RLIN) 966
942 ## - ADDED ENTRY ELEMENTS (KOHA)
Koha item type Books
Holdings
Withdrawn status Lost status Damaged status Not for loan Home library Current library Shelving location Date acquired Total Checkouts Full call number Barcode Date last seen Price effective from Koha item type
        IIA Library-Bangalore IIA Library-Bangalore General Stacks 20/05/1981   083.8:524.3/ BOSS-4 7504 05/11/2021 20/05/1981 Books

Powered by Koha